Political Philosophy (Record no. 13592)

MARC details
000 -LEADER
fixed length control field 00582nam a2200229 a 4500
020 ## - INTERNATIONAL STANDARD BOOK NUMBER
ISBN 0521695597
082 00 - DEWEY DECIMAL CLASSIFICATION NUMBER
Classification number 190.20
Author Cutter OHE
100 ## - MAIN ENTRY--AUTHOR NAME
Author name O`Hear, Anthony
245 ## - TITLE STATEMENT
Title Political Philosophy
260 ## - PUBLICATION, DISTRIBUTION, ETC. (IMPRINT)
Place of publication Cambridge
Name of publisher Cambridge University Press
Year of publication 2009
300 ## - PHYSICAL DESCRIPTION
Number of Pages 246p
500 ## - GENERAL NOTE
General note includes index and biblioraphy
650 ## - SUBJECT ADDED ENTRY--TOPICAL TERM
Topical Term Politics and Philosophy
942 ## - ADDED ENTRY ELEMENTS (KOHA)
Koha item type Books
700 1# -
-- O`Hear, Anthony
Holdings
Collection code Home library Current library Date acquired Cost, normal purchase price Full call number Accession Number Koha item type
  Henry Martyn Institute Library Henry Martyn Institute Library 01/08/2010 1640.00 190.20 OHE 023062 Books
                   Copyright © 2026 | Henry Martyn Institute | Hyderabad | TS-500052 | INDIA | Implemented by hmi.edu.in
Hit-Count:

Powered by Koha